00709 a2200229 4500260001000000630004100010650002600051100002100077260002300098245008500121300001000206650002400216260000900240300001000249100000700259440002700266037001200293700003000305700003400335999001700369952009300386 aParis a33 - Economie - Economie - Politique a3 - SCIENCES SOCIALES aEmanuel, Arghiri bFrançois Maspero aLe Profit et les crises, une approche nouvelle des contradictions du capitalisme a403 p aCapitalisme : crise c1974 b23 cm lFr aEconomie et socialisme aDE 4914 aDir., Bettelheim, Charles aCollab., Charrière, Jacques c44933d44933 00104070aBUACbBUACd2009-02-28l0o338.93 EMMr2009-02-28 00:00:00w2009-02-28yLIVR